Countries with Highest Internet Adoption - Statistics

General Stats
  • This quiz has been taken 20 times
  • The average score is 16 of 25
Answer Stats
Percentage Country % Correct
99% Norway
90%
99.7% Iceland
85%
97.6% South Korea
85%
94.7% Sweden
85%
95.6% Switzerland
85%
96.7% United Kingdom
85%
98.9% Denmark
80%
96.9% Singapore
80%
95.6% Liechtenstein
75%
98.7% Luxembourg
75%
93.9% Andorra
70%
95.2% Ireland
70%
100% United Arab Emirates
70%
100% Qatar
65%
100% Saudi Arabia
65%
96.2% Australia
60%
100% Bahrain
60%
95.9% New Zealand
60%
99.7% Kuwait
55%
93.9% Spain
55%
96.4% Oman
50%
96.8% Malaysia
45%
98.1% Brunei
35%
94.3% Bahamas
20%
95.7% Antigua and Barbuda
15%
No matching quizzes found
Score Distribution
Percent of People with Each Score
Percentile by Number Answered
Your Score History
You have not taken this quiz